| 000 | 00565nam a2200181Ia 4500 | ||
|---|---|---|---|
| 008 | 151202s9999||||xx |||||||||||||| ||und|| | ||
| 082 | _bPNVM-55124 | ||
| 100 | _aदिघे प्रभाकर. | ||
| 245 | _aआय.पी.सी. 302. | ||
| 260 | _b"मनमोहिनी प्रकाशन,पुणे." | ||
| 260 | _c1991 | ||
| 300 | _a186 | ||
| 600 | _aदिघे प्रभाकर. | ||
| 630 | _aआय.पी.सी. 302. | ||
| 700 | _aदिघे प्रभाकर. | ||
| 730 | _aआय.पी.सी. 302. | ||
| 942 | _cBOOK | ||
| 999 |
_c1321662 _d1321659 |
||